01398nam a22003617a 4500003000500000005001700005008004100022010001000063011001000073035001000083040000900093090001000102100003800112245016500150260004100315300001000356502009300366590003700459590004100496590004100537590004100578590004100619590004200660650003200702650003300734650003900767650003200806901000700838942001000845949003600855999001700891952012800908CHAP20220329140518.0971013s1982 r 00010 d a53118 a54090 a58240 cCHAP aTesis00aSegovia Padilla, Jesús.9103622 aSelección masal moderna en girasol (Helianthus annuus L.) Tecmon-Z (P-81) y ensayo de rendimiento con variedades e híbridos comerciales (V-81) Apodaca, N.L. a(Monterrey, N.L.) :bEl autor,c1982 a65 h. aTesis (Ing. Agr. en Producción) -- ITESM. Div. de Ciencias Agropecuarias y Marítimas aALEPHb10c20130110lUCH01h1330 aBATCH-UPDb10c20130110lUCH01h0348 aBATCH-UPDb10c20130110lUCH01h2138 aBATCH-UPDb10c20130410lUCH01h0021 aBATCH-UPDb10c20130914lUCH01h1544 aCONVERSIONb10c20130109lUCH01h132914aGirasolxHíbridos.94815414aGirasolxRendimiento.94817114aGirasolxSelección masal.94817414aGirasolxVariedades.948186 aBK cTESIS bBCcTESd-126476eTS1i58240si c53118d53118 00102local4051718TESISaBCbBCcPA_TESISd2012-12-17fTESISl0oTesisp-126476r2019-12-31 00:00:00w2019-12-31yTESIS